Zelda Twilight Princess - Personnages - Statistiques

Statistiques générales
  • Ce quiz a été pris 103 fois
  • Le résultat moyen est 20 sur 68
Statistiques - réponses
Par images Réponse % Correct
Link
100%
Epona
97%
Midona
97%
Ganon
86%
Princesse Zelda
86%
Ganondorf
85%
Xanto
77%
Baba
61%
Colin
59%
Iria
59%
Yéti
59%
Firone
52%
Lanelle
52%
Anciens Sages
48%
Balder
47%
Machaon
44%
Ordinn
44%
Grande Fée
41%
Prince Lars
39%
Giovanni
38%
Latouane
35%
Soldat d'Hyrule
35%
Telma
35%
Singe
33%
Postier
32%
Crahmé
30%
Anaïs
27%
Moï
27%
Ash
24%
Reynald
24%
Bohdan
23%
Fénir
23%
Tobi
21%
Esprit du Héros
20%
Luterra
20%
Alpha
17%
Baba Junior
17%
Roi Bulblin
15%
Fahd
14%
Impar
14%
Jehd
14%
Lafrel
14%
Lise
14%
Louda
14%
Matornia
14%
Ute
12%
Kikolou
11%
Lakka
11%
Morock
11%
Irimpa
9%
Jaga
9%
Kili
9%
Négocia
9%
Pia
9%
Charlo
8%
Chudley
8%
Dr.Borville
8%
Gor Cobalt
8%
Gor Granit
8%
Gor Liggs
8%
Gor Syéni
8%
Hanch
8%
Hannah
8%
Hena
8%
Loyal
8%
Misha
8%
Soal
8%
Dangoross
6%
Aucun quiz correspondant
Distribution des résultats
% des personnes avec chaque résultat
Percentile par nombre de réponses
Votre historique - résultats
Vous n’avez pas pris ce quiz